Tạp văn

Guardat en:
Dades bibliogràfiques
Autor principal: Lỗ Tấn
Format: Llibre
Idioma:Undetermined
Publicat: Hà Nội Giáo Dục 1998
Matèries:
Etiquetes: Afegir etiqueta
Sense etiquetes, Sigues el primer a etiquetar aquest registre!
Thư viện lưu trữ: Trung tâm Học liệu Trường Đại học Cần Thơ
LEADER 00482nam a2200169Ia 4500
001 CTU_39832
008 210402s9999 xx 000 0 und d
082 |a 895.14 
082 |b T121t 
100 |a Lỗ Tấn 
245 0 |a Tạp văn 
245 0 |c Lỗ Tấn, Trương Chính 
260 |a Hà Nội 
260 |b Giáo Dục 
260 |c 1998 
650 |a chinese literature - 20th century - collections 
980 |a Trung tâm Học liệu Trường Đại học Cần Thơ